Capitales européennes dans l'ordre alphabétique - Statistiques

Statistiques générales
  • Ce quiz a été pris 66 fois
    64 depuis la dernière actualisation
  • Le résultat moyen est 35 sur 45
Réponses sur la Carte
Les réponses sont colorées sur une échelle allant du rouge au vert en fonction du pourcentage des utilisateurs qui les ont devinées à leur premier essai. Vous pouvez retrouver ces pourcentages ci-dessous.
 
Statistiques - réponses
Réponse % Correct
Amsterdam
100%
Andorre-la-Vieille
98%
Athènes
90%
Berlin
85%
Bruxelles
85%
Berne
83%
Bratislava
83%
Bucarest
80%
Budapest
80%
Copenhague
80%
Dublin
80%
Belgrade
78%
Helsinki
78%
Madrid
78%
Minsk
78%
Monaco
78%
Moscou
78%
Oslo
78%
Zagreb
78%
Kiev
75%
La Valette
75%
Lisbonne
75%
Londres
75%
Luxembourg
75%
Paris
75%
Prague
75%
Sofia
75%
Stockholm
75%
Tallinn
75%
Tirana
75%
Varsovie
75%
Vatican
75%
Vilnius
75%
Chisinau
73%
Riga
73%
Saint-Marin
73%
Vienne
73%
Ljubljana
70%
Podgorica
70%
Rome
70%
Skopje
70%
Pristina
68%
Reykjavik
68%
Sarajevo
68%
Vaduz
68%
Aucun quiz correspondant
Distribution des résultats
% des personnes avec chaque résultat
Percentile par nombre de réponses
Votre historique - résultats
Vous n’avez pas pris ce quiz depuis la dernière actualisation